000 00621nam a22002177a 4500
999 _c6844
_d6844
003 OSt
005 20210405145402.0
008 210330b ||||| |||| 00| 0 eng d
020 _a9780335262748
040 _cDDC
082 _aWA950 B67r 2014
100 _aBowling, Ann
_914027
245 _aResearch Methods in Health:investigating health and health services
250 _a4th ed.
260 _bOpen University Press, 2014
300 _axix,512p; ill: 25cm
504 _aGlossary, references, & index included
650 _aMedical research
_99881
650 _aResearch statistics
_914038
942 _2z
_cO_SHELF